Представление документа в формате RUSMARC

ПолеНазваниеЗначение
  Тип записи a
  Библиографический уровень m
001 Контрольный номер RU/УОНБ/EK_R/383845724
005 Дата корректировки 20250520125509.3
010 Индекс ISBN __
d Цена 9 р. 50 к.
9 Тираж 300000 экз.
b Уточнения в пер.
100 Данные общей обработки __
a Данные общей обработки 20120229d1955 u y0rusy0189||||ca
101 Язык документа 0_
a Язык текста rus
102 Страна публикации __
a Страна публикации RU
105 Кодированные данные (монография) __
a Кодированные данные (монография) a z 000ay
200 Заглавие и сведения об ответственности 1_
a Заглавие Сочинения
f Первые сведения об ответственности В.М. Гаршин
g Последующие сведения об ответственности [вступ. ст. и примеч. Г.А. Бялого]
210 Выходные данные 1_
a Место издания Москва
c Издательство Гослитиздат
d Дата издания 1955
215 Физическое описание __
a Объем 439, [24] с.
c Иллюстрации/тип воспроизводства ил., 3 л. портр.
d Формат 21 см
327 Примечание о содержании 01
a Примечание о содержании Содерж.: Четыре дня ; Происшествие ; Трус и др.
606 Тематические рубрики 0_
a Основная рубрика Проза (х. л.)
686 Индексы других классификаций __
a Классификационный индекс 84Р1
2 Код системы rubbk
700 Автор _1
a Фамилия Гаршин
b Имя (инициалы) В.М.
g Полное личное имя Всеволод Михайлович
702 Вторичная интеллектуальная ответственность _1
a Фамилия Бялый
b Имя (инициалы) Г.А.
4 Код отношения 080
801 Источник записи _0
a Страна RU
b Организация Ульяновская ОНБ
c Дата составления 20120229
g Правила каталогизации RCR
801 Источник записи _1
a Страна RU
b Организация Ульяновская ОНБ
c Дата составления 20120229
g Правила каталогизации RCR
901 Тип документа __
t Тип документа m
909 Создатель записи __
a Создатель записи Тихонова
938 Служебная информация __
a Имя БД retro
b Имя библиотеки УОНБ
c Имя АИБС МАРК-SQL
d Номер DOC_ID в БД 30597